| 000 | 00518nam a2200193 a 4500 | ||
|---|---|---|---|
| 001 | 1777027203453 | ||
| 003 | YourLibrary | ||
| 005 | 20260424161207.0 | ||
| 008 | 260424s2003##################000#0#eng## | ||
| 020 | _a9780231127202 | ||
| 082 | 0 | 4 | _a344.730313REA |
| 100 | 1 |
_aReamer, Frederic G., _eauthor. |
|
| 245 | 1 | 0 | _aSocial Work Malpractice and Liability : |
| 260 |
_bColumbia University Press, _c2003. |
||
| 300 | _a326 pages | ||
| 650 | 0 | _aLaw. | |
| 942 | _cENGLISH | ||
| 040 |
_aYourLibrary _beng _cYourLibrary |
||
| 999 |
_c619851 _d619851 |
||